Famous People Who Died in 2022 - Statistics

General Stats
  • This quiz has been taken 103 times
    79 since last reset
  • The average score is 4 of 6
Answer Stats
Date Place Cause Age Name % Correct
September 8, 2022 Balmoral Castle, Scotland Old Age 96 Elizabeth II
83%
July 8, 2022 Nara, Japan Assassination 67 Abe Shinzo
81%
December 29, 2022 São Paulo, Brazil Colon Cancer 82 Pelé
65%
August 30, 2022 Moscow, Russia Prolonged Illness 91 Mikhail Gorbachev
62%
December 31, 2023 Vatican City Old Age 95 Pope Benedict XVI
59%
November 30, 2022 Shanghai, China Leukemia 96 Jiang Zemin
22%
No matching quizzes found
Score Distribution
Percent of People with Each Score
Percentile by Number Answered
Your Score History
You have not taken this quiz since the last reset